000 00765nam a22002057a 4500
003 OSt
005 20240528095427.0
008 240523b ||||| |||| 00| 0 eng d
040 _cAIMIT LIBRARY
100 _aMathew, George.
_e2016049
_9167006
245 _aStudy on customer perception research with reference to haneef traders /
_cBy George Mathew ; Guided by Dhananjay K.
260 _aThrissur ;
_c2022.
650 _aIndustry profile company profile and introduction to study
_9168135
650 _aLIterature review / literature mapping
_9168136
650 _aProblem identification formulation specification
_9168137
650 _aResearch methodology
_9168138
700 _aK Dhananjay.
_9167007
_eGuide
856 _3Haneef Traders
942 _2ddc
_cPRO
999 _c230881
_d230881